| 000 | 03567nam a22003857a 4500 | ||
|---|---|---|---|
| 005 | 20110817144627.0 | ||
| 010 | _aHIN-89768 B-442520-530 | ||
| 020 |
_c95.00 _a9788121614627 |
||
| 035 | _aHN-62114 | ||
| 035 | _aB-442520-530 | ||
| 037 | _bDBAD / PUB | ||
| 037 | _bआर.बी.सी. | ||
| 082 | _a299.514 | ||
| 245 |
_aमहान चीनी दार्शनिक लाओ त्सुः _cइला कुमार द्वारा रूपांतरित _bजीवन-दर्शन एवं रचनाएं / |
||
| 246 |
_aLao Tzu _bby Ela Kumar |
||
| 260 |
_aनई दिल्ली _bहिन्द पॉकेट बुक्स _c2009 |
||
| 270 |
_aजे-40, जोरबाग लेन _bनई दिल्ली _e110003 |
||
| 300 |
_a140पृ _c18सेमी (अजिल्द) |
||
| 650 |
_aहिन्दी कविता _9697 |
||
| 700 |
_92266 _aइला कुमार |
||
| 942 |
_2ddc _cHN _h299.514 _mमहान |
||
| 999 |
_c38148 _d38148 |
||